LEADER 01181nam0-2200337 --450 001 9910732599403321 005 20240222104430.0 010 $a978-88-8220-157-9 100 $a20230712d2008----kmuy0itay5050 ba 101 0 $aita 102 $aIT 105 $a 001yy 200 1 $aCarmelo Ottaviano nella filosofia del Novecento$fa cura di Francesco Rando e Francesco Solitario 210 $aMilano$cPrometheus$d[2008] 215 $a781 p.$c1 ritratto$d24 cm 225 1 $aMethis 300 $aAtti dei convegni tenuti a Milano e Catania nel 2007 300 $aIn testa al frontespizio : Comitato nazionale per il centenario della nascita di Carmelo Ottaviano. 610 0 $aOttaviano, Carmelo$aCongressi$a2007 610 0 $aOttaviano, Carmelo 676 $a195$v21 702 1$aSolitario,$bFrancesco 702 1$aRando,$bFrancesco 712 02$aComitato nazionale per il centenario della nascita di Carmelo Ottaviano 801 0$aIT$bUNINA$gREICAT$2UNIMARC 901 $aBK 912 $a9910732599403321 952 $aDFT A92.2 RANF 01$b2023/2807$fFLFBC 959 $aFLFBC 996 $aCarmelo Ottaviano nella filosofia del Novecento$93395870 997 $aUNINA